[Event "Selfoss Milk Masters 2nd"]
[Site "Selfoss"]
[Date "2003.11.04"]
[Round "6"]
[White "De Firmian, Nick E"]
[Black "Thorhallsson, Throstur"]
[Result "1-0"]
[WhiteElo "2553"]
[BlackElo "2444"]
[Annotator "Gofshtein,L"]
[PlyCount "67"]
[EventDate "2003.10.29"]
[EventType "tourn"]
[EventRounds "9"]
[EventCountry "ISL"]
[EventCategory "15"]
[SourceTitle "CBM 098"]
[Source "ChessBase"]
[SourceDate "2004.02.03"]
[SourceVersion "1"]
[SourceVersionDate "2004.02.03"]
[SourceQuality "1"]

1. e4 c5 2. Nf3 d6 3. d4 cxd4 4. Nxd4 Nf6 5. Nc3 Nc6 6. Bc4 Qb6 7. Ndb5 a6 8.
Be3 Qa5 9. Nd4 e6 10. O-O Be7 11. Bb3 (11. f4 O-O 12. Kh1 Nxd4 13. Bxd4 e5 14.
Be3 Be6 15. Bb3 exf4 16. Rxf4 Nd7 17. Nd5 Bg5 $10 {Varavin,V-Kharlov,A/Elista
RUS-ch/1996/0,5/33/}) 11... O-O 12. Kh1 Qc7 {Black transfers the queen to c7,
clearing a5 for the knight. Other moves such as 12...Bd7 and 12...Nd4 lead to
a better game for white as the next games show} (12... Bd7 13. f4 Nxd4 14. Bxd4
Bc6 15. Qd3 Rac8 16. f5 e5 17. Bf2 b5 18. a3 Qc7 19. Bh4 Rfd8 20. Bxf6 Bxf6 21.
Nd5 Bxd5 22. Qxd5 $14 {Velimirovic,V-Drasko,M/Vrsac/1985/0,5/41/}) (12... Nxd4
13. Qxd4 b5 14. a3 Ng4 15. Bd2 Bf6 16. Qd3 Ne5 17. Qg3 Qc7 18. f4 Nc4 19. Bxc4
bxc4 20. e5 dxe5 21. Ne4 Bd8 22. fxe5 $36 {1-0 De Firmian,N-Gurevich,D/Estes
Park 1985/MCD (48)}) 13. f4 Na5 $5 {[%cal Ra5c4,Ra5b3] Atacking the bishop and
keeping an eye on the Na5-c4 maneouvre. After other moves white has the
initiative} (13... b5 14. f5 Nxd4 15. Qxd4 Bd7 16. Rad1 Rad8 17. Bg5 Qc8 18. a4
Kh8 19. axb5 axb5 20. Rf3 Bc6 21. Rdf1 Qd7 22. Rh3 $40 {1-0 Ginsburg,G-Naumann,
A/Germany 1996/GER-chT2 (35)}) (13... Nxd4 14. Qxd4 $5 (14. Bxd4 b5 15. e5 dxe5
16. fxe5 Nd7) 14... Nd7 $6 (14... Ng4 15. Qb6 Bd8 16. Qxc7 Bxc7 17. Bd4 $14)
15. Rad1 $36 {1/2-1/2 De Firmian,N-Stefansson,H/Yerevan 1996/EXT 97/[Psakhis] 
(48)}) 14. f5 Nxb3 15. axb3 $146 {Another option 15.cb gives black a fair
counterplay} (15. cxb3 b5 16. b4 e5 17. Nb3 Bb7 18. Rc1 Qd7 $132 {1/2-1/2
Erdogdu,M-Radulov,I/Antalya 2001/CBM 81 ext (69)}) 15... Bd7 16. g4 (16. Qf3 e5
17. Nde2 b5 18. Bg5 Bc6 $132) 16... Bc6 (16... d5 $5 17. exd5 Nxd5 18. Nxd5
exd5 $132) 17. Qf3 Nd7 $6 (17... d5 {It was neccesary to start a counterplay
by 17...d5} 18. Nxc6 Qxc6 19. exd5 Nxd5 20. Nxd5 exd5 $132) 18. g5 {18.fe was
better with a clear edge.} (18. fxe6 $1 fxe6 (18... Ne5 19. Qf5 g6 20. exf7+
Rxf7 21. Qe6 $16) 19. Nxe6 Rxf3 20. Nxc7 $16) 18... Ne5 19. Qg2 exf5 20. Nxf5
Rfe8 21. Bd4 {[%cal Rf5e3,Re3d5] The bishop goes to d4, freeing the square e3
fo the knight} Bf8 22. Ne3 Re6 23. Ned5 {[%csl Rd5] The knight on d5 and the
control over the f-file gives white a clear advantage} Bxd5 24. Nxd5 Qc6 25.
Bxe5 $16 Rxe5 26. Rf4 {[%cal Ra1f1,Rf4f7]} Rc8 27. c4 Qe8 (27... Be7 28. Rf5
Bd8 29. Raf1 Rxf5 30. exf5 $16) 28. Raf1 Rd8 29. Rh4 {[%cal Rh4h7,Rd5f6][%mdl
128] The attack on the h-file and a threat of a sacrifice on f6 opening the
g-file makes black's position quite difficult. Although after 29...Be7 black
still can hold} b5 $2 (29... Be7 $8 30. Qh3 (30. Rf5 Qd7 31. Qf3 Bxg5 32. Rg4
f6 33. h4 h5 34. Rg2 Bxh4) 30... h6 31. Nxe7+ Qxe7 32. gxh6 g6) 30. Nf6+ $1
gxf6 31. gxf6+ $18 Kh8 32. Rg1 {[%cal Rg2g8]} Bh6 33. Rxh6 Qg8 34. Qh3 1-0

[Event "Olympiad-31"]
[Site "Moscow"]
[Date "1994.12.06"]
[Round "6.2"]
[White "Ehlvest, Jaan"]
[Black "Lutz, Christopher"]
[Result "1-0"]
[WhiteElo "2600"]
[BlackElo "2580"]
[Annotator "Hansen,Cu"]
[PlyCount "109"]
[EventDate "1994.12.01"]
[EventType "team-swiss"]
[EventRounds "14"]
[EventCountry "RUS"]
[SourceTitle "CBM 045"]
[Source "ChessBase"]
[SourceDate "1995.04.01"]
[SourceVersion "1"]
[SourceVersionDate "1995.04.01"]
[SourceQuality "1"]
[WhiteTeam "Estonia"]
[BlackTeam "Germany"]
[WhiteTeamCountry "EST"]
[BlackTeamCountry "GER"]

1. e4 c5 2. Nf3 d6 3. d4 cxd4 4. Nxd4 Nf6 5. Nc3 Nc6 6. Bc4 e6 7. Be3 a6 8. Bb3
Na5 9. f4 (9. f3 b5 10. O-O Be7 11. Qe1 O-O 12. Qf2 Rb8 {1/2-1/2 Sax,G-Tal,M/
Reykjavik WCup 1988}) (9. Qd3 b5 10. Bg5 Be7 11. O-O-O O-O 12. f4 b4 13. Nce2
Bb7 14. Ng3 Qb6 $10 {Zagorovsky,V-Hybl,J/corr-6 Wch/1968}) (9. O-O b5 10. f4
Nxb3 11. cxb3 (11. axb3 Bb7 12. e5 dxe5 13. fxe5 Nd7 14. Qh5 g6 15. Qh3 Qe7 16.
Rae1 (16. Ncxb5 axb5 17. Rxa8+ Bxa8 18. Nxb5 Nxe5 19. Bd4 Bg7 20. Qc3 O-O 21.
Bxe5 Qg5 {0-1 Vujadinovic,Goran-Timoschenko,Gennadi/Vrnjacka Banja (09) 1990})
(16. Nf3 Bg7 17. Bh6 $5 O-O $1 (17... Bxh6 18. Qxh6 Bxf3 19. Rxf3 Nxe5 20. Rf4
$1 $44) 18. Ng5 $8 (18. Bxg7 Kxg7 $17) 18... Bxh6 (18... Bxe5 $5 {/\ 19. Bf8?
Qg5 20. Bh6 Qe7-/+;} 19. Rae1 $44) 19. Qxh6 f6 20. exf6 Nxf6 (20... Rxf6 $5 $13
) 21. Rae1 e5 $1 (21... Ng4 $6 22. Qh4 $14) 22. Qh4 Rae8 $1 23. Nge4 $1 (23.
Rxf6 Rxf6 24. Rxe5 Ref8 $1 $19) 23... Nxe4 24. Rxf8+ $1 (24. Qxe7 $2 Rxf1+ 25.
Kxf1 Nd2+ $19) 24... Kxf8 $1 25. Qxe7+ Kxe7 26. Nxe4 Rc8 $1 $15 {Kakabadze,
R-Dzhandzhava/Tbilisi/1992/}) 16... Bg7 17. Bh6 Bxe5 18. Rxe5 Nxe5 19. Bg7 Qc5
20. Bxh8 Qxd4+ 21. Rf2 b4 22. Na4 O-O-O 23. Bf6 Qd1+ 24. Rf1 {1/2-1/2 Jovcic,
M-Hybl,J/corr 11/339 1971}) 11... Bb7 12. e5 dxe5 (12... Nd5 13. Nxd5 Bxd5 14.
f5 Qd7 15. fxe6 fxe6 16. Rc1 g6 17. Nf3 Be7 18. Ng5 dxe5 19. Nf7 O-O 20. Nxe5
Qd6 21. Ng4 h5 22. Qd3 Kh7 23. Bc5 Rxf1+ 24. Qxf1 Qxc5+ 25. Rxc5 Bxc5+ 26. Kh1
Rf8 27. Nf6+ Kg7 28. Nxh5+ gxh5 29. Qc1 Be3 30. Qc7+ Kh6 {0-1 Fershter,A-Osnos,
V/USSR 13/422 1972}) 13. fxe5 Nd7 14. Qh5 g6 15. Qh3 Qe7 16. Rad1 Bg7 17. Bg5
Qxg5 18. Rxf7 Kxf7 19. Qxe6+ Kf8 20. Nd5 Bxd5 21. Qxd5 Re8 22. Qd6+ Qe7 23.
Rf1+ Nf6 24. Ne6+ Kg8 25. exf6 Bxf6 {0-1 Damjanovic,M-Krogius,N/Sochi 4/493
1967}) 9... Nxb3 (9... Qc7 $5) (9... b5 10. e5 (10. f5 e5 11. Nde2 Nxb3 12.
axb3 b4 13. Nd5 Nxd5 14. Qxd5 Rb8 15. O-O Be7 16. Ng3 Rb5 17. Qc4 O-O 18. Rad1
Bb7 19. Qe2 f6 20. c3 bxc3 21. bxc3 Qa8 22. Qc2 d5 23. c4 Rc8 24. Qa2 dxc4 25.
bxc4 Rb4 26. Rd7 Bf8 27. c5+ Kh8 28. Qf7 Bxe4 29. Rc1 Qc6 30. h3 Rb2 31. Bf2
Bxg2 32. Nh5 Bxh3 33. Qd5 Qxd5 34. Rxd5 Bxf5 35. c6 Be4 36. Rd7 Bxc6 37. Rd3
Kg8 {0-1 Parma,B-Tukmakov,V/Moskva 12/419 1971}) 10... dxe5 11. fxe5 Nxb3 12.
axb3 Nd5 13. Qf3 (13. Nxd5 Qxd5 14. Qf3 Qxf3 15. gxf3 Bb7 16. Ke2 Rc8 17. Rhc1
Bc5 18. c4 O-O 19. cxb5 Bxd4 20. Bxd4 axb5 21. b4 h6 22. f4 Bd5 23. Rxc8 Rxc8
24. Bc5 Kh7 25. Ke3 f6 26. exf6 gxf6 27. Rg1 h5 28. h4 Rc7 29. Rg3 Ba8 30. Rg1
Rf7 31. Bd4 {1/2-1/2 Stanciu,T-Krogius,N/Hamburg EUchT (7) 1965}) 13... Bb7 (
13... Nxe3 14. Qxa8 $1 Qd7 $2 (14... Nxg2+ 15. Kf1 $5 Ne3+ 16. Ke2 $16 {
Janovsky,S}) 15. Ncxb5 $1 Nxg2+ 16. Qxg2 Bb7 17. Qf1 axb5 18. O-O-O Bd5 19.
Nxb5 Qb7 20. Rg1 g6 21. Rd2 Be7 22. Nd6+ $1 Bxd6 23. exd6 O-O 24. Rg4 $18 {
+- Ehlvest,J-Smirin,I/USSR (ch) 46/(325) 1988}) 14. O-O Qc7 15. Nxd5 Bxd5 16.
Qf2 (16. Qg3 h5 $1 (16... g6 17. Bg5 Be7 18. Bf6 Bxf6 19. Rxf6 O-O 20. Re1 Rfd8
21. Qf4 Rd7 22. h4 b4 23. Kh2 Rad8 24. Rf1 Bc4 25. Rd1 Qb6 26. c3 Bxb3 27. Rf1
Bc4 28. Rf3 Bd5 29. Rg3 bxc3 30. bxc3 Qb1 31. h5 Be4 32. Re3 Bf5 33. Nxf5 exf5
34. e6 fxe6 35. Rfxe6 Qb8 36. R3e5 gxh5 37. Qxf5 Rg7 38. Qxh5 Rf8 39. c4 Qb2
40. Qh3 Qd4 41. Re4 {Velimirovic,D-Van der Wiel,J/Moscow izt (6) 1982/1/2-1/2 
(70)}) (16... Qb7 17. Qf2 b4 18. c4 bxc3 19. bxc3 Be4 20. b4 Bg6 21. Nb3 Be7
22. Bc5 O-O 23. Bxe7 Qxe7 24. Nc5 Rfd8 25. Rfd1 h6 26. Qe3 Qh4 27. h3 Qc4 28.
Rd6 Rdc8 29. Qd4 Qxd4+ 30. cxd4 Rab8 31. Ra4 Rb5 32. Rdxa6 h5 33. Ra8 Rxa8 34.
Rxa8+ Kh7 35. Ra4 h4 36. Kf2 Kh6 37. Ke3 Rb8 {Bednarski,J-Mititelu,Gh/Varna 13/
417 1972/1-0 (57)}) 17. c4 bxc4 18. bxc4 Qxc4 19. Rac1 Qd3 20. Rc7 h4 21. Qf2
f5 22. exf6 gxf6 23. Qxf6 Qxe3+ 24. Kh1 Bxg2+ $1 25. Kxg2 Rg8+ 26. Kh1 Qe4+ 27.
Rf3 Qb1+ 28. Rf1 $10 {= de Firmian,N-Gurevich,D/San Francisco 44/(293) 1987})
16... Qb7 $2 (16... Bc5 17. Nxe6 $1) (16... b4 $5) 17. Nxb5 $1 Bb4 (17... axb5
18. Rxa8+ Qxa8 19. Qxf7+ Kd8 20. Bb6+ $18) (17... Qxb5 18. Qxf7+ Kd8 19. c4 $18
) 18. Ra4 O-O (18... Qxb5 19. Qxf7+ Kd8 20. c4 $18) 19. Rxb4 axb5 20. Rg4 $18
h5 21. Rxg7+ $1 Kxg7 22. Qf6+ Kh7 (22... Kg8 23. Bh6) 23. Qh6+ Kg8 24. Qg5+ Kh8
25. Qxh5+ Kg8 26. Qg5+ Kh8 27. Qf6+ Kh7 28. Rf4 {1-0 Sokolov,A-Timoshchenko,G/
Moskva (GMA) 49/281 1990}) 10. axb3 e5 11. Nf3 (11. Nf5 $6 Nxe4) (11. fxe5 dxe5
12. Nf3 Qxd1+ 13. Rxd1 Bb4 $10) 11... exf4 (11... Qc7 $5 12. O-O $14 (12. Nb5
$2 Qc6) (12. fxe5 dxe5 13. Bg5 Bb4)) 12. Bxf4 Be7 13. Qd4 $1 O-O 14. O-O-O $16
b5 15. Bxd6 Qxd6 16. Qxd6 Bxd6 17. Rxd6 Bb7 18. Rb6 Rab8 (18... Bxe4 $2 19.
Rxf6 $18) 19. Rd1 Rfe8 (19... Nxe4 $2 20. Rxb7 $18) 20. Rd4 Re6 21. Rxe6 fxe6
22. b4 {/\Kc1-d2-e3} Re8 {/\e6-e5} 23. Ne5 Kf8 24. Kd2 Ke7 25. Ke3 Rc8 26. Rd2
{קc2} Rc7 27. h4 {/\g2-g4-g5} (27. h3 {/\Ne5-d3-c5}) 27... Ne8 28. g4 Nd6 29.
g5 Nc4+ $8 30. Nxc4 Rxc4 31. Rd4 Rc8 {קc2} 32. e5 {/\Kd3,Ne4} (32. Kd3 $2 e5)
32... Rf8 33. Rf4 Rc8 34. h5 {/\g5-g6} Bc6 35. Rh4 {/\36.h6 g6 37.Rf4+/-} (35.
g6 $2 hxg6 36. hxg6 Be8 $13) 35... Be8 36. Kd2 {/\Ne4-d6, /\Ne4-c5} (36. h6 $2
gxh6 37. Rxh6 Bg6 $132) 36... Rd8+ 37. Kc1 Rc8 38. Ne2 (38. Ne4 $2 Rc4 $13 {
/\Bc6}) 38... Bc6 (38... Rc4 39. Rxc4 bxc4 40. Nf4 $18) 39. Kd2 Rd8+ 40. Nd4 {
/\c2-c3 +-} Rd5 41. Kd3 Be8 42. Ke4 $18 Rd8 43. c3 Rc8 44. Ke3 Bf7 45. Rh1 {
/\Ra1} Ra8 46. h6 gxh6 47. Rxh6 Rg8 (47... Bg6 48. Rh1 $18) 48. Kf4 Bg6 49. Rh1
Rf8+ 50. Ke3 Ra8 51. Ra1 {/\Nxb5} Be8 52. Rh1 Bg6 53. Rd1 {/\Nc6+,Rd6} Bh5 (
53... Rc8 $2 54. Ra1 Ra8 55. Nxb5 $18) (53... Be8 54. Nb3 {/\Nb3-c5, Rd6}) 54.
Nc6+ Kf7 55. Rd8 1-0

[Event "RUS-ch"]
[Site "Elista"]
[Date "1994.??.??"]
[Round "6"]
[White "Akhmadeev, Vadim"]
[Black "Ragozin, Evgeni"]
[Result "0-1"]
[WhiteElo "2395"]
[BlackElo "2510"]
[Annotator "Hansen,Cu"]
[PlyCount "70"]
[EventDate "1994.09.??"]
[EventType "swiss"]
[EventRounds "11"]
[EventCountry "RUS"]
[SourceTitle "CBM 044"]
[Source "ChessBase"]
[SourceDate "1995.02.01"]
[SourceVersion "1"]
[SourceVersionDate "1995.02.01"]
[SourceQuality "1"]

1. e4 c5 2. Nf3 Nc6 3. d4 cxd4 4. Nxd4 Nf6 5. Nc3 d6 6. Bc4 e6 7. Bb3 (7. O-O
a6 8. Be3 Qc7 9. Bb3 Na5 10. f4 b5 11. f5 (11. Qf3 Nxb3 12. cxb3 (12. Nxb3 b4
13. Ne2 Bb7 14. Ng3 h5 15. Nd2 h4 16. Ne2 d5 17. c3 dxe4 18. Qh3 Bc5 19. cxb4
Bxe3+ 20. Qxe3 Rd8 21. Rac1 Qd6 22. Nb3 Qxb4 23. Qc5 Qxc5+ 24. Nxc5 Bc8 25. Nc3
h3 {Zimmermann,F-Legde,G/2BLSW 8788 Frankfurt-Giessen [6] 1987/1/2-1/2 (55)})
12... Bb7 13. Rac1 Qd7 14. b4 Rc8 15. f5 e5 16. Nde2 Rc4 17. b3 Rxb4 18. Rfd1
Rxe4 19. Nxe4 Bxe4 20. Qg3 Be7 21. Qe1 Ba8 22. Ng3 O-O 23. h3 Nd5 24. Rc2 h5
25. Rcd2 h4 26. Nf1 Nc3 {Kindermann,S-Kohlweyer,B/DPMM 8990 f Bayern-Frankfurt
[3] 1990/0-1 (38)}) 11... e5 (11... Nxb3 12. cxb3 (12. axb3 b4 13. Na4 e5 14.
Ne2 Rb8 15. Ng3 h5 16. h4 Ng4 17. Qf3 Nxe3 18. Qxe3 Be7 19. Rac1 Bxh4 20. c4
Bd8 21. c5 h4 22. Nh1 dxc5 23. Rxc5 Qe7 24. Qd3 Bd7 25. Qxa6 Rh6 26. Qa7 Bxa4
27. Qxa4+ {Onoprienko,V-Van Laatum,G/Groningen op(10) 1993/0-1 (37)}) 12... Be7
13. Rc1 Qb7 (13... Qd7 14. fxe6 (14. Qf3 O-O 15. g4 e5 16. Nc6 Qxc6 17. g5 Qd7
18. gxf6 Bxf6 19. Nd5 Bd8 20. Kh1 f6 21. Rg1 Bb7 22. Bh6 Rf7 23. Qd3 Rc8 24.
Rcd1 Kh8 25. Be3 Bc6 26. Rg2 Qb7 27. h4 Bxd5 28. Qxd5 Qxd5 29. Rxd5 {Geller,
E-Taimanov,M/URS-ch21 Kiev 1954/0-1 (65)}) 14... fxe6 15. b4 (15. g4 O-O 16. g5
Ne8 17. Nce2 Bb7 18. Ng3 Rxf1+ 19. Qxf1 Rc8 20. Rd1 g6 21. Qh3 Ng7 22. Qg4 Rd8
23. Rc1 {1/2-1/2 Pytlakowski,A-Doda,Z/POL-ch (17) 1955}) 15... O-O 16. Qb3 Kh8
17. h3 e5 18. Nf5 Bb7 19. Nxe7 Qxe7 20. Bg5 h6 21. Bxf6 Rxf6 22. Rxf6 Qxf6 23.
Rf1 Qg6 24. Qd1 Rc8 25. Qf3 Rc4 26. Rd1 Kh7 27. a3 Bxe4 28. Nxe4 Rxe4 29. Rxd6
Re1+ 30. Kf2 Qxd6 31. Kxe1 Qg6 32. Kd2 e4 33. Qf2 Qg5+ 34. Ke2 Qd5 35. Ke3 Qd3+
36. Kf4 g5+ 37. Ke5 {1/2-1/2 Keres,P-Taimanov,M/SWZ ct 1953}) 14. fxe6 fxe6 15.
b4 O-O 16. Qb3 d5 17. exd5 Nxd5 18. Nxd5 Rxf1+ 19. Kxf1 Qxd5 20. Qxd5 exd5 21.
a3 Bd6 {Tolush,A-Taimanov,M/URS-ch20 Moscow 1952/1/2-1/2 (43)}) 12. Nde2 Bb7 (
12... Nxb3 13. axb3 (13. cxb3 Bb7 14. a3 d5 15. Rc1 Qd7 16. Nxd5 Nxd5 17. exd5
Qxd5 18. Qxd5 Bxd5 19. f6 gxf6 20. Ng3 Rg8 21. Rxf6 Rg6 22. Rf5 Bxb3 23. Rxe5+
Re6 24. Rxe6+ fxe6 25. Rc7 Be7 26. Ne4 Kd8 27. Bb6 Bd5 {Zakic,
Srdjan-Kapetanovic,Armin/Beograd I (10) 1990/0-1 (40)}) 13... Bb7 14. Ng3 h5
15. Nd5 Bxd5 16. exd5 h4 17. Nh1 Be7 18. Nf2 Qb7 19. c4 Bd8 20. Qd2 Bb6 21. Kh1
Bxe3 22. Qxe3 bxc4 23. bxc4 Qxb2 24. Rfb1 Qc2 25. Rb6 h3 26. Rxd6 hxg2+ 27.
Kxg2 Rxh2+ 28. Kg1 Ng4 {0-1 Ghizdavu,D-Honfi,Karoly/Timisoara 13/423 1972}) (
12... Nc4 13. Bg5 Ng4 14. Bxc4 Qxc4 15. Qd5 Rb8 16. Qxc4 bxc4 17. Nd5 Rxb2 18.
Rab1 Rb7 19. Nec3 g6 20. Rxb7 Bxb7 21. Rb1 Bxd5 22. Nxd5 f6 23. Rb8+ Kd7 24.
Nxf6+ Kc7 25. Re8 d5 26. Nxd5+ {Kuzmin,Aleksei-Orlov,Konstantin/Pancevo (06)
1989/1-0 (39)}) 13. Nd5 Nxd5 14. Bxd5 Nc4 15. Qc1 (15. Bc1 Qc5+ 16. Kh1 Bxd5
17. Qxd5 Qxd5 18. exd5 Be7 19. Rd1 g6 20. b3 Nb6 21. Be3 Bd8 22. Ng3 Ke7 23.
Rac1 Rc8 24. c3 f6 25. Kg1 Nd7 26. Kf2 Bb6 27. Rc2 Rc7 28. Bxb6 Nxb6 29. Kf3 a5
{Schruefer,G-Middendorf,F/BL 8384 Braunschweig-Münster [2] 1983/1/2-1/2 (51)})
15... Bxd5 16. exd5 Rc8 17. b3 (17. Bf2 h5 18. b3 Nb6 19. Rd1 h4 20. Qe3 Nd7
21. c4 Qb7 22. cxb5 axb5 23. Rac1 Be7 24. Qa7 Rxc1 25. Rxc1 Qxa7 26. Bxa7 O-O
27. Rc7 {Honfi,Karoly-Tarjan,J/Majdanpek 21/359 1976/1-0 (41)}) 17... Nxe3 18.
Qxe3 Qc5 19. Qxc5 Rxc5 20. c4 bxc4 21. bxc4 Be7 22. Rfc1 Kd7 23. Rab1 Rhc8 24.
Rb7+ Ke8 25. Ra7 Rxc4 26. Rxc4 Rxc4 27. Rxa6 Rc5 28. Ra8+ Bd8 29. Ng3 Rxd5 30.
Nh5 Kd7 31. Nxg7 e4 32. Kf1 Ra5 33. Rxa5 Bxa5 34. Nh5 Bc3 35. h4 d5 36. g4 Kd6
37. Nf4 Ke5 38. Ne2 Ba5 39. a4 d4 40. Nc1 d3 41. Nb3 {0-1 Scholl,E-Polugaevsky,
L/Amsterdam 10/467 1970}) 7... Be7 8. Be3 a6 9. f4 Qc7 10. O-O Na5 11. f5 (11.
Qf3 b5 (11... h5 12. f5 e5 13. Nde2 Bd7 14. Rfd1 Nc4 15. Bxc4 Qxc4 16. b3 Qc7
17. Bg5 Qc5+ 18. Be3 Qc7 19. Rac1 Bc6 20. Nd5 Bxd5 21. exd5 Qa5 22. a4 b5 23.
axb5 axb5 24. c4 bxc4 25. bxc4 O-O 26. Ng3 {Hecht,H._J-Cornelis,F/Eupen 3/449
1967/0-1 (40)}) (11... O-O 12. Rad1 Nxb3 13. cxb3 b5 14. Rc1 Qd7 15. f5 e5 {
1/2-1/2 Alvarez del Monte,J-Schweber,S/Havana Panamerican 1966}) (11... Nxb3
12. axb3 O-O 13. g4 Rb8 14. g5 Nd7 15. Qh5 g6 16. Qh6 Re8 17. Rf3 Bf8 18. Qh4
Bg7 19. Rh3 h5 20. gxh6 Bf6 21. h7+ Kh8 22. Qf2 Bg7 23. Kh1 Nf6 24. Nde2 b5 25.
Rg1 b4 26. Rg5 bxc3 27. Nxc3 Bb7 28. Qg2 Qc6 {0-1 Sozin,V-Ilyin Zhenevsky,A/
URS-ch07 Moscow 1931}) 12. a3 $5 (12. f5 e5 13. Nd5 Nxd5 14. Bxd5 exd4 15. Bxd4
Bf6 16. Bxf6 gxf6 17. Bxa8 Qa7+ 18. Rf2 Qxa8 19. Qc3 Nc4 20. Qxf6 Rg8 21. b3
Ne3 22. Qd4 Ng4 23. Rd2 Ne5 24. Kh1 Qc6 25. Qxd6 Qxd6 26. Rxd6 Ke7 {Adorjan,
A-Ribli,Z/Magyarorszag,7/326 1969/1-0 (68)}) (12. e5 Bb7 13. Qg3 dxe5 14. fxe5
Nh5 15. Qh3 Qxe5 (15... Nxb3 16. Nxb3 Qxe5 17. Na5 b4 18. Nc4 Qc7 19. Qxh5 g6
20. Qe2 bxc3 21. b3 O-O 22. Rae1 Rad8 23. Bf4 Bc5+ 24. Kh1 Qe7 25. Be5 Bd4 26.
Rf4 Bxe5 27. Qxe5 {Bannik,A-Taimanov,M/URS-ch21 Kiev 1954/0-1 (59)}) 16. Bxe6
fxe6 17. Nxe6 Bc8 18. Qxh5+ Qxh5 19. Nxg7+ Kd7 20. Nxh5 Nc4 21. Bd4 Rg8 22. Nd5
Rg5 23. Nhf6+ Bxf6 24. Nxf6+ Kc6 25. Nxh7 Rg6 26. Rae1 b4 27. b3 Na3 28. Re5
Nb5 29. Be3 Nc3 30. Nf8 Rg7 31. Rf6+ Kc7 32. Bh6 Rg4 33. Re7+ Kd8 34. Rh7 Rb8
35. Ne6+ Bxe6 36. Rf8# {1-0 Averbakh,Y-Taimanov,M/SWZ ct 1953}) 12... Nc4 13.
Bxc4 bxc4 14. e5 $5 (14. g4 {Kasparov,G;Nikitin,A}) 14... Bb7 15. Qg3 Nh5 (
15... Nd5 16. Nxd5 Bxd5 17. Qxg7 O-O-O 18. Qxf7 Rdf8 19. Qh5 Rhg8 20. g3 $16)
16. Qg4 g6 17. f5 $5 dxe5 (17... exf5 18. Nxf5 dxe5 19. Nxe7 Qxe7 20. Bh6 $1
$16) 18. fxe6 $1 f6 (18... exd4 $2 19. exf7+ Kf8 20. Qxh5 $3 Bc5 21. Bh6+ Ke7
22. Rae1+ $18) 19. Nf5 Bc5 $6 (19... O-O $6 20. Rad1 Rad8 21. Rd7 Rxd7 22. exd7
Bd8 23. Rd1 {/\ Nd6, Qe6+/-}) 20. Rad1 $5 (20. Qxc4 Bxe3+ 21. Nxe3 Qxc4 22.
Nxc4 Rd8 23. Rae1 Nf4 24. Ne4 Bxe4 25. Rxe4 Ke7 $10) (20. Kh1 $5 Bxe3 21. Nxe3
Nf4 22. Rad1 h5 $5 23. Rd7 $5 hxg4 24. Rxc7 Rb8 25. Rxf4 $5 exf4 26. Ned5 Bxd5
27. Nxd5 O-O $8 28. Ne7+ Kh8 29. Nxg6+ Kg8 30. Nxf8 Kxf8 31. Kg1 $14) 20...
Bxe3+ $5 (20... Nf4 21. Rxf4 $3 Bxe3+ 22. Kh1 $3 Bxf4 23. Rd7 Qxd7 $8 24. exd7+
Kxd7 25. Qd1+ $1 Ke6 26. Qd6+ $5 Kxf5 27. Qd7+ Kg5 28. Qxb7 $16) 21. Nxe3 Qc5
22. Rfe1 Nf4 $5 23. Qh4 $5 (23. Rd7 Bc6 24. g3 $6 h5 $1 25. Qd1 Nxe6 $17) (23.
Na4 Qb5 $1 24. Nf5 $5 O-O $5 $13) 23... Bxg2 $3 $13 (23... g5 $2 24. Qh6 $18) (
23... O-O $2 24. Rd7 $18) (23... Nxg2 $2 24. Qxf6 Rf8 25. Qg7 $18) 24. Qxf6 Rf8
25. Qg7 (25. Qg7 Qc6 $6 26. Qd7+ Qxd7 27. exd7+ Kd8 28. Rd2 $1 Bf3 29. h4 $1
$16) 25... Ra7 $1 26. e7 $1 Rxe7 27. Rd8+ $1 Kxd8 28. Qxf8+ Kd7 29. Rd1+ Ke6
30. Kf2 $5 Qc6 31. Ke1 $8 Qc5 32. Kf2 Qc6 {1/2-1/2 Bangiev,A-Nikitin,V/corr/
1987/}) (11. Qe2 b5 12. f5 Nxb3 13. axb3 b4 14. Na4 e5 15. Nf3 Bb7 16. Nb6 Rb8
17. Nd5 Nxd5 18. exd5 Bxd5 19. Rxa6 O-O 20. Ra7 Rb7 21. Rxb7 Bxb7 22. Qc4 Qa5
23. Qg4 f6 24. Rc1 Rc8 25. h4 d5 26. h5 Bc5 27. Bxc5 Qxc5+ 28. Kh2 e4 29. h6
Qc7+ {0-1 Lipnitsky,I-Taimanov,M/URS-ch19 Moscow 1951}) 11... e5 (11... Nxb3
12. axb3 O-O 13. Qf3 Bd7 (13... exf5 14. Nxf5 Bxf5 15. Qxf5 b5 16. Bd4 b4 17.
Nd5 Nxd5 18. exd5 Qc8 19. Qd3 Qb7 20. Qg3 g6 21. Qf3 Bd8 22. Kh1 Bb6 23. Bf6
Bd8 24. c4 bxc3 25. Bxc3 Qxb3 26. Qe4 Qb6 27. h4 Ra7 28. Qf4 {Yurtaev,
Leonid-Lerner,Konstantin/Frunze 1979/1/2-1/2 (57)}) 14. g4 h6 15. h4 d5 16.
exd5 Nxd5 17. Nxd5 exd5 18. g5 Rfe8 19. c3 Bf8 20. gxh6 gxh6 21. Rf2 Kh7 22.
Rg2 Re4 23. Rf1 Qe5 24. Qh5 Bg7 25. Nf3 Qe7 26. Ng5+ Kh8 27. Nxf7+ Kg8 28.
Rxg7+ Kxg7 29. Bxh6+ {1-0 Muhutdinov,M-Murzin,L/Nabereznye Chelny 1993}) (11...
Nc4 12. Bxc4 Qxc4 13. Qf3 O-O 14. Rad1 b5 15. e5 dxe5 16. Qxa8 exd4 17. Bxd4
Bc5 18. Bxc5 Qxc5+ 19. Kh1 exf5 20. Qf3 Be6 21. Qf2 Qb4 22. Rb1 Qd6 23. Qf4 Qb6
24. a3 h6 25. Rbd1 a5 26. Qd6 {Kaidanov,G-Smirin,I/Groningen (8) PCA 1993/1-0 
(51)}) 12. Nde2 {/\13.Nd5 Nxd5 14.Bxd5 ><d5} Nc4 13. Nd5 (13. Bc1 b5 $15) 13...
Nxd5 14. Qxd5 Nxe3 $8 15. Qxf7+ Kd8 16. Qxg7 Re8 17. Rf3 {/\Rxf3//\f5-f6-f7}
Qb6 18. Kh1 {/\f5-f6-f7} d5 19. f6 $6 (19. Bxd5 Qxb2 (19... Nxd5 20. Rd1 $16)
20. Rg1 {/\Rxe3//\f5-f6-f7} (20. Rxe3 Qxa1+ 21. Ng1 Bc5 $19) 20... Nxd5 21. Rd3
$16) 19... Bf8 20. Qg5 d4 $17 {פe2} 21. f7+ Re7 22. Rf6 (22. Qg8 Qh6 $17)
22... h6 23. Qg6 Qc5 24. Qg8 Rd7 25. Nc1 $1 (25. Re6 Kc7 26. Re8 Rd8 $17) 25...
Qe7 26. Nd3 Rd6 27. Rxd6+ Qxd6 28. Nxe5 Kc7 29. c3 $2 (29. Nd3 $17 {/\30.e5})
29... Qxe5 30. Qxf8 Ng4 $19 31. Qxh6 $8 Nxh6 32. f8=Q Ng4 33. Qf7+ Bd7 34. Qh7
Rh8 35. cxd4 Qxd4 0-1

[Event "Olympiad-34"]
[Site "Istanbul"]
[Date "2000.11.09"]
[Round "12.4"]
[White "Emms, John M"]
[Black "Fressinet, Laurent"]
[Result "1-0"]
[WhiteElo "2527"]
[BlackElo "2536"]
[Annotator "Hecht,H"]
[PlyCount "87"]
[EventDate "2000.10.28"]
[EventType "team-swiss"]
[EventRounds "14"]
[EventCountry "TUR"]
[SourceTitle "EXT 2001"]
[Source "ChessBase"]
[SourceDate "2000.11.22"]
[SourceVersion "1"]
[SourceVersionDate "2000.11.22"]
[SourceQuality "1"]
[WhiteTeam "England"]
[BlackTeam "France"]
[WhiteTeamCountry "ENG"]
[BlackTeamCountry "FRA"]

1. e4 c5 2. Nf3 d6 3. d4 cxd4 4. Nxd4 Nf6 5. Nc3 a6 6. Bc4 e6 7. a4 Nc6 8. O-O
Be7 9. Be3 O-O 10. Kh1 Re8 11. Bb3 Bd7 12. f4 Rc8 13. f5 Nxd4 14. Bxd4 e5 15.
Be3 Bc6 16. Qd3 b5 17. axb5 axb5 18. Bg5 Ng4 19. Qh3 Bxg5 20. Qxg4 Be3 21. f6
g6 22. Rf3 Bf4 23. Qh4 b4 24. Nd5 Bxd5 25. Bxd5 Rxc2 26. Raf1 h5 27. Rxf4 exf4
28. Qg5 Kh7 29. Bxf7 Rg8 30. h3 Qf8 31. Bxg8+ Qxg8 32. Rxf4 Qf7 33. e5 dxe5 34.
Qxe5 b3 35. Rf1 Rd2 36. Rf3 Rd5 37. Qb8 Rf5 38. Qxb3 Qxf6 39. Rxf5 Qxf5 {
[#] Weiß gewinnt mit seinem Mehrfreibauern, indem er seinen König nicht in die
Schlacht wirft, sondern ihn nur gegen Schachs sichert.} 40. Qb7+ Kh6 41. Qb8 $1
{Sichert den König und droht den technischen K.O. mittels b2-b4-b5-b6, gefolgt
von Dc7 und weiterem Vormarsch des Freibauern.} g5 42. Kh2 g4 43. hxg4 Qxg4 $4
(43... hxg4 44. b4 Qd3 45. Qf4+ $1 {Rückkehr der Dame auf ein zentrales Feld,
um später dem König mehr Manövriermöglichkeiten zu geben.} ({unklar wäre} 45.
b5 g3+ 46. Kh3 Qf5+ 47. Kxg3 Qg5+ 48. Kf3 Qd5+ 49. Ke3 Qc5+ 50. Ke4 Qc4+ 51.
Ke5 Qc5+ {weil es bei der jetzt ungünstigen Damenstellung b8 sehr schwierig
ist, den Schachs zu entkommen.}) 45... Kh5 46. Qe5+ Kg6 47. b5 Qb3 48. Qc5 Qd3
49. b6 Qe4 50. Kg3 {und Weiß sollte gewinnen.}) 44. Qh8+ 1-0